|
|
|
|
| LEADER |
00000nab a2200000 a 4500 |
| 001 |
vtls000486828 |
| 003 |
SK-MaSNL |
| 005 |
20260303122400.0 |
| 008 |
140422c1993 xo 0 slo |
| 015 |
|
|
|a SNBRB19rr/mm-uuuuu
|
| 035 |
|
|
|a CL0486965
|
| 040 |
|
|
|a SNKBUCL
|b slo
|c SNKBUCL
|e AACR2
|
| 041 |
0 |
|
|a slo
|
| 044 |
|
|
|a xo
|c SK
|
| 080 |
|
|
|a 82.09:882-3(048)
|2 1981
|
| 080 |
|
|
|a 882-3(048)
|2 1981
|
| 100 |
1 |
|
|a Sulík, Ivan,
|d 1943-2021
|4 aut
|9 223328
|
| 245 |
1 |
0 |
|a Správy z predpeklia
|c Ivan Sulík
|
| 300 |
|
|
|b Fotogr. 1
|
| 650 |
0 |
7 |
|a spoločenské poviedky, ruské
|x recenzie
|2 snkbucl
|9 1052626
|
| 650 |
0 |
7 |
|a politické poviedky, ruské
|x recenzie
|2 snkbucl
|9 1076873
|
| 655 |
|
7 |
|a články z novín a časopisov
|2 snkbucl
|9 267496
|
| 655 |
|
7 |
|a články z odboru literárna veda a krásna literatúra
|2 snkbucl
|9 770045
|
| 700 |
1 |
|
|a Šalamov, Varlam Tichonovič,
|d 1907-1982
|4 aut
|9 239449
|
| 773 |
0 |
|
|t Literárny týždenník
|g Roč. 6, č. 9 (1993), s. 4
|
| 787 |
0 |
8 |
|i Rec.:
|a Šalamov, Varlam Tichonovič, 1907-1982
|t Kolymské poviedky
|d Bratislava : Slovenský spisovateľ, 1992
|
| 850 |
|
|
|a Slovenská národná knižnica v Martine
|a MTA001
|
| 852 |
|
|
|a SNK
|b KIS3GCP
|
| 958 |
|
|
|a RK
|
| 958 |
|
|
|a LX
|
| 999 |
|
|
|c 1920673
|d 1922603
|